Analýza správania sa používateľa webu

Gespeichert in:
Bibliographische Detailangaben
1. Verfasser: Briš, Marek, 1988- (Verfasst von)
Weitere Verfasser: Šaloun, Petr, 1962- (Betreuung Doktorarbeit)
Format: Manuskript Buch
Sprache:Slowakisch
Veröffentlicht: Bratislava : STU v Bratislave FIIT, 2013
Schlagworte:
Online-Zugang:VAIS
Tags: Tag hinzufügen
Keine Tags, Fügen Sie das erste Tag hinzu!

MARC

LEADER 00000ntm a22000003a 4500
001 stu275483
005 20150617230236.7
008 131003s2013----xo------------------slo-d
040 |a STU  |b slo 
041 0 |a slo 
044 |a xo 
100 1 |a Briš, Marek,  |d 1988-  |4 aut  |u I  |T FIIT Fakulta informatiky a informačných technológií  |X 47796  |U I  |Y 70  |7 A000047796 
242 0 0 |a The Analysis of the User´s Behaviour in Web Systems  |y eng 
245 1 |a Analýza správania sa používateľa webu 
260 |a Bratislava :  |b STU v Bratislave FIIT,  |c 2013 
300 |a 71 s  |c príl. 
650 7 |a Information Systems  |2 estusub 
650 7 |a motivation  |2 estusub 
650 7 |a správanie  |2 stusub 
650 7 |a motivácia  |2 stusub 
700 1 |a Šaloun, Petr,  |d 1962-  |4 ths  |X 47573  |7 A000047573 
856 4 |a info a plný text  |u http://is.stuba.sk/zp/portal_zp.pl?podrobnosti=81242  |3 VAIS 
996 |b IDP59/13  |c I*DP59/13  |l II680  |s A  |a 24  |w stu275483_0001